Un hilo de tinta recorre América Latina : contribuciones para una historia del libro y la edición regional /

Bibliographic Details
Other Authors: Garone Gravier, Marina (Editor)
Format: Electronic eBook
Language:Spanish
Published: Villa María, Córdoba, Argentina : Eduvim, 2022.
Series:Colección Poliedros.
Subjects:
Online Access:Digitalia Hispánica

MARC

LEADER 00000nam a2200000Ii 4500
001 DIGEDUV0327
003 NyNyDIG
006 m o d
007 cr |||||||||||
008 240901s2022 ag a ob 000 0 spa d
035 |a (OCoLC)1454785262 
040 |a DGITA  |b eng  |e rda  |e pn  |c DGITA 
020 |a 9789876997492  |q eBook 
020 |z 9789876997348 
043 |a cl----- 
050 1 4 |a Z8.L29 ebook 
245 0 3 |a Un hilo de tinta recorre América Latina :  |b contribuciones para una historia del libro y la edición regional /  |c Marina Garone Gravier (coordinadora). 
264 1 |a Villa María, Córdoba, Argentina :  |b Eduvim,  |c 2022. 
300 |a 1 online resource :  |b illustrations. 
336 |a text  |b txt  |2 rdacontent 
337 |a computer  |b c  |2 rdamedia 
338 |a online resource  |b cr  |2 rdacarrier 
347 |a text file  |2 rdaft 
347 |b EPUB 
504 |a Includes bibliographical references. 
588 0 |a Online resource; title from ePub title page (Digitalia, viewed September 1, 2024) 
650 0 |a Books  |z Latin America  |x History. 
650 0 |a Publishers and publishing  |z Latin America  |x History. 
650 0 |a Printing  |z Latin America  |x History. 
700 1 |a Garone Gravier, Marina,  |e editor. 
776 0 8 |i Print version:  |t Hilo de tinta recorre América Latina.  |d Villa María, Córdoba, Argentina : Eduvim, 2022  |z 9789876997348 
791 2 |a Digitalia (Firm),  |e distributor. 
793 0 |g Digitalia eBook Collection:  |a Ediciones Eduvim 
830 0 |a Colección Poliedros. 
856 4 0 |3 Digitalia Hispánica  |u https://www.digitaliapublishing.com/a/158340/ 
910 |a Premium collection: 2024